Personnages principaux de jeux vidéos - Statistiques

Statistiques générales
  • Ce quiz a été pris 50 fois
  • Le résultat moyen est 10 sur 16
Statistiques - réponses
Par images Réponse % Correct
Mario
98%
Pac man
95%
Donkey Kong
93%
Link
93%
Steve
91%
Kratos
88%
Arthur Morgan
67%
Ghost
63%
Leon Kennedy
58%
Lara Croft
56%
Geralt de Riv
51%
Connor
40%
Michael de Santa
23%
Ezio Auditore
21%
Maelle
19%
Dovahkiin
9%
Aucun quiz correspondant
Distribution des résultats
% des personnes avec chaque résultat
Percentile par nombre de réponses
Votre historique - résultats
Vous n’avez pas pris ce quiz